Opraváři času /

Začátek sci-fi série o cestách časem. Vydejte se s Mirkem a Majou za dobrodružstvím, které nezná hranice času a prostoru.

Hlavní autor: Reviláková, Naďa, 1978-
Další autoři: Perkof, Natalie, 1979-
Jazyk: Čeština
Vydáno: Praha : Dobrovský s.r.o., 2024
Edice: Drobek
Témata:
Fyzický popis: 198 stran : ilustrace ; 21 cm
Knihy
Uloženo v:
LEADER 02213nam a2200493 i 4500
001 nkc20233568496
003 CZ PrNK
005 20240917140011.0
007 ta
008 240530s2024 xr a c 000 j cze
015 |a cnb003568496 
020 |a 978-80-277-4171-7  |q (vázáno) 
035 |a (OCoLC)1459785982 
040 |a ABG001  |b cze  |e rda 
072 7 |a 821.162.3-3  |x Česká próza  |2 Konspekt  |9 25 
072 7 |a 821-93  |x Literatura pro děti a mládež (beletrie)  |2 Konspekt  |9 26 
080 |a 821.162.3-32  |2 MRF 
080 |a 821-93  |2 MRF 
080 |a (0:82-321.9)  |2 MRF 
100 1 |a Reviláková, Naďa,  |d 1978-  |7 xx0247069  |4 aut 
245 1 0 |a Opraváři času /  |c Naďa Reviláková ; ilustrace Natalie Perkof 
264 1 |a Praha :  |b Dobrovský s.r.o.,  |c 2024 
300 |a 198 stran :  |b ilustrace ;  |c 21 cm 
336 |a text  |b txt  |2 rdacontent 
337 |a bez média  |b n  |2 rdamedia 
338 |a svazek  |b nc  |2 rdacarrier 
490 1 |a Drobek 
500 |a Na hřbetu označení: 1 
520 2 |a Začátek sci-fi série o cestách časem. Vydejte se s Mirkem a Majou za dobrodružstvím, které nezná hranice času a prostoru.  |b Ocitnout se v nesprávné chvíli na nesprávném místě může znamenat osudovou chybu, kterou už nejde vrátit. To však neplatí, pokud ovládáte cestování časem. Jenže cestování v čase není tak jednoduché. Cestovatelé totiž musí dodržet základní pravidlo: za žádnou cenu neměnit minulost. Jinak riskujete, že vám budou v patách opraváři času. Nakladatelská anotace. Kráceno. 
655 7 |a české příběhy  |7 fd133973  |2 czenas 
655 7 |a vědecko-fantastické příběhy  |7 fd133358  |2 czenas 
655 7 |a publikace pro děti  |7 fd133156  |2 czenas 
655 9 |a Czech stories  |2 eczenas 
655 9 |a science fiction stories  |2 eczenas 
655 9 |a children's literature  |2 eczenas 
700 1 |a Perkof, Natalie,  |d 1979-  |7 js20060120081  |4 ill 
787 0 8 |i Z cyklu:  |t Opraváři času  |g 1 
830 0 |a Drobek  |0 s 
910 2 |a BOA001  |b 2-1530.291 
920 |a 4989529  |z ABG001 
990 |a BK 
995 |a 01 
991 |b 202408  |c NOV 
996 6 |b 2610977897  |c 2-1530.291  |l MZK  |r Sklad / do 1 hodiny  |n 0  |p p.v.  |w 001975097  |u 000010  |a 1  |e BOA001  |j MZK50  |s P